Classification of public lands valuable for geothermal steam and associated geothermal resources /

Bibliographic Details
Main Author: Godwin, Larry H. (Author)
Format: Government Document eBook
Language:English
Published: Washington : United States Department of the Interior, Geological Survey, 1971.
Series:Geological Survey circular ; 647.
Subjects:
Online Access:https://purl.fdlp.gov/GPO/gpo115077

MARC

Tag First Indicator Second Indicator Subfields
LEADER 00000nam a2200000 i 4500
001 in00004001613
005 20190307110812.0
006 m o d f
007 cr bn|||||||||
008 160718s1971 dcub ob f000 0 eng c
035 |a (OCoLC)ocn953695325 
042 |a pcc 
043 |a n-us--- 
040 |a COP  |b eng  |e rda  |e pn  |c COP  |d OCLCO  |d OCLCF  |d OCLCA  |d GPO  |d MvI 
049 |a WWW 
074 |a 0620-A (online) 
086 0 |a I 19.4/2:647 
100 1 |a Godwin, Larry H.,  |e author. 
245 1 0 |a Classification of public lands valuable for geothermal steam and associated geothermal resources /  |c by L.H. Godwin [and five others]. 
264 1 |a Washington :  |b United States Department of the Interior, Geological Survey,  |c 1971. 
300 |a 1 online resource (iii, 18 pages) :  |b maps. 
336 |a text  |b txt  |2 rdacontent 
337 |a computer  |b c  |2 rdamedia 
338 |a online resource  |b cr  |2 rdacarrier 
490 1 |a Geological Survey circular ;  |v 647 
588 |a Title from title screen (viewed August 4, 2015). 
500 |a "Standards used by the Geological Survey to classify public lands for retention and for competitive leasing of geothermal steam and associated geothermal resources." 
500 |a Includes copy of Public Law 91-581, December 24, 1970. 
504 |a Includes bibliographical references (page 9). 
650 0 |a Geothermal resources  |z United States. 
650 0 |a Land use. 
650 0 |a Public lands  |z United States  |x Classification. 
650 7 |a Geothermal resources.  |2 fast  |0 (OCoLC)fst00941164 
650 7 |a Land use.  |2 fast  |0 (OCoLC)fst00991472 
650 7 |a Public lands.  |2 fast  |0 (OCoLC)fst01082573 
651 7 |a United States.  |2 fast  |0 (OCoLC)fst01204155 
710 2 |a Geological Survey (U.S.),  |e issuing body. 
776 0 8 |i Print version:  |t Classification of public lands valuable for geothermal steam and associated geothermal resources  |w (OCoLC)2649326 
830 0 |a Geological Survey circular ;  |v 647. 
856 4 0 |u https://purl.fdlp.gov/GPO/gpo115077  |t 0 
999 f f |s d60ea348-501e-33bb-b597-f89801a16fc0  |i d218dfc1-8759-3235-991e-a13f1d96a96e  |t 0 
952 f f |a Texas A&M University  |b College Station  |c Electronic Resources  |d Available Online  |t 0  |e I 19.4/2:647  |h Superintendent of Documents classification 
998 f f |a I 19.4/2:647  |t 0  |l Available Online